000 00288nam a2200109Ia 4500
008 200302s9999 xx 000 0 und d
100 _aFrank Kreith & Other
245 _aHand Book of Solid Waste Management
260 _bTata Mcgraw-Hill Publishing Co.
260 _c1994
300 _a140 P.,
999 _c1608
_d1608